000 00697nmc a2200265 a 4500
003 AR-BaBNM
005 20251128204711.0
008 247019s1991 ||||||||||||||000 | spa||
020 _a950-558-002-9
040 _cAR-BaBNM
245 1 0 _aCaramelos surtidos
260 _aBuenos Aires
_bOrion
_c1991
300 0 _a177 p.
490 0 _aTobogán
_vv. 9
585 _aExpuesto en: Feria del Libro 2006
650 4 _aLITERATURA INFANTIL
650 4 _aHISTORIAS DE AMOR
650 4 _aCUENTOS DE AVENTURAS
653 0 _aCUENTOS DE MISTERIO
655 _aLITERATURA
700 1 _aGarrido de Rodríguez, Neli
_ecompilador
800 1 _aBird, Poldy
_edirector
942 _cBK
998 _cLAURA
999 _c8476
_d8476